000 00573nam a22002297a 4500
003 UA-OsUOA
001 64119
007 ta
008 20091029b un ||||| |||| 00| 0 ukr d
100 _aЗбих А.
090 _a821.161.2
_bЗ-41
942 _cBK
040 _aUA-OsUOA
_bukr
_cUA-OsUOA
_dUA-OsUOA
245 _aСтавка більша за життя
300 _a262 с.
955 _a3
041 _aukr
080 _a821.161.2
260 _aК.
_c1972
650 7 _a82 Література. Літературознавство
_2UDC
999 _c350394
_d350394